000 00251nam a2200097Ia 4500
005 20251222154305.0
008 251222s9999||||xx |||||||||||||| ||spa||
082 _a245.43/C76
245 0 _a"Jóvenes, construyamos la civilización del amor"
942 _cLIB
999 _c33177
_d33177